Ciencia y conciencia. Filosofía del siglo XX

Uloženo v:
Podrobná bibliografie
Hlavní autor: Le Dantec, Félix (Autor)
Médium: Kniha
Jazyk:španělština
Vydáno: Buenos Aires Espasa-Calpe 1948
Edice:Historia y Filosofía de la Ciencia. Serie Menor
Témata:
Tagy: Přidat tag
Žádné tagy, Buďte první, kdo vytvoří štítek k tomuto záznamu!

MARC

LEADER 00000nam a2200000 a 4500
001 UCZ3981
003 CL-VaPUC
008 951027e19480000AG |||||||||||||||||spa|d
082 0 4 |a 501  |b LED  |2 21 
100 |a Le Dantec, Félix  |e author  |9 347835 
245 1 0 |a Ciencia y conciencia. Filosofía del siglo XX 
300 |a 240 p 
942 |c BK 
945 |d 19951027 00:00:00  |a lriquelm 
260 |a Buenos Aires  |b Espasa-Calpe  |c 1948 
650 0 |a Filosofía de las ciencias  |9 256466 
650 0 |a Ciencia  |9 255691 
650 0 |a Filosofía (contemporánea)  |y S.XX (Siglo 20)  |9 267050 
650 7 |a FISIOLOGIA  |2 CL-VaPUC  |9 347836 
650 0 |a Ética  |9 255099 
650 0 |a Conceptos morales   |9 310606 
650 0 |a Conciencia  |9 309452 
583 |a last modification  |c 19951027 00:00:00  |k Rodrigo Vera 
490 0 |a Historia y Filosofía de la Ciencia. Serie Menor 
999 |c 240420  |d 240418 
952 |0 0  |1 0  |4 0  |6 501_000000000000000_LED_1948  |7 0  |8 P  |9 252283  |a BIBEDU  |b BIBEDU  |c BIBEDU_PB  |d 2019-11-18  |i 1593366  |o 501 LED 1948  |p 1593366  |r 2024-01-25  |w 2019-11-18  |y BK  |k FIL